Europe per Last Letter Quiz Stats

 Plays Quiz Updated Feb 13, 2019

Support Sporcle.
Go Orange.
Score 0/18 Timer 03:00
0 Plays Today
Last Letter Country or Capital % Correct
AAlbania, Andorra, Ankara...
98.1%
NBerlin, Bern, Copenhagen...
96.3%
EBelgrade, France, Greece...
94.2%
DFinland, Madrid, Poland...
93.5%
YGermany, Hungary, Italy...
93.3%
SAthens, Belarus, Brussels...
91.4%
OKosovo, Monaco, Montenegro...
89%
MAmsterdam, Belgium, Stockholm...
88%
WMoscow, Warsaw
76.7%
Last Letter Country or Capital % Correct
KDenmark, Minsk, Reykjavik
72.7%
LPortugal
57.5%
VKyiv
57.5%
BZagreb
53.6%
GLuxembourg
51.7%
IHelsinki
46.6%
ZVaduz
39.7%
TBucharest, Budapest
38.9%
UChisinau
22.3%

From the Vault

Awkward Bible Moments

by MovieGuru

That awkward moment when you run away from God and get swallowed by a fish.
Remove Ads.
Support Sporcle.
Get the best of Sporcle when you Go Orange. This ad-free experience offers more features, more stats, and more fun while also helping to support Sporcle. Thank you for becoming a member.

Show Comments

Extras

Top Quizzes Today


Score Distribution

Your Account Isn't Verified!

In order to create a playlist on Sporcle, you need to verify the email address you used during registration. Go to your Sporcle Settings to finish the process.

Report this User

Report this user for behavior that violates our Community Guidelines.

Details: